000
00246nam a22001097a 4500
082
_a
808.3 WYS'S
100
_a
WYES, JOHANN R
_9
76052
245
_a
THE SWISS FAMILY ROBINSON
260
_a
BERKSHIRE
_b
PURNELL
_c
1976
300
_a
138P
942
_c
BK
999
_c
581460
_d
581460